ბათუმის შოთა რუსთაველის სახელმწიფო უნივერსიტეტის ბიბლიოთეკა

ხარიტონ ახვლედიანის სახელობის აჭარის მუზეუმში დაცული მონეტების კატალოგი / (ბიბ.ჩანაწერი № 58452)

000 -ლიდერი
ფიქსირებული სიგრძის საკონტროლო ველი 02490nam a22003257a 4500
003 - საკონტროლო ნომრის იდენტიფიკატორი
საკონტროლო ველი Ge_BSU
005 - ბოლო ოპერაციის თარიღი და დრო
საკონტროლო ველი 20220215132016.0
008 - ფიქსირებული სიგრძის მონაცემთა ელემენტები - ზოგადი ინფორმაცია
ფიქსირებული სიგრძის საკონტროლო ველი 220215s2021ge xxu||||| |||| 00| 0 geo d
020 ## - წიგნის საერთაშორისო სტანდარტული ნომერი
International Standard Book Number 9789941837647
041 ## - ენის კოდი
Language code of text/sound track or separate title geo
080 ## - უნივერსალური ათობითი კლასიფიკაციის ინდექსი
Universal Decimal Classification number 737(479.223) ვ-21
100 ## - მთავარი ჩანაწერი - პიროვნების სახელი
Personal name ვარშალომიძე, ირინე.
9 (RLIN) 13550
245 ## - ცნობა სათაურის შესახებ
Title ხარიტონ ახვლედიანის სახელობის აჭარის მუზეუმში დაცული მონეტების კატალოგი /
Statement of responsibility, etc ირინე ვარშალომიძე, ნინო ძნელაძე ; რედ. ამირან კახიძე ;წინასიტყვაობა და რეზიუმე თარგმნა ირინე ხაჟალიამ ; ფოტოები: გიორგი დუმბაძე, ბესო დიასამიძე, ზაალ შენგელია ; დიზაინი დათო მოსიაშვილი .
264 ## - წარმოების, გამოცემის, დისტრიბუციის და სხვა ცნობები
გამოცემის, წარმოების, დისტრიბუციის... ადგილი ბათუმი,
გამოცემის, წარმოების, დისტრიბუციის... თარიღი 2021.
300 ## - ფიზიკური აღწერა
Extent 592 გვ. ;
Dimensions 30 სმ.
504 ## - BIBLIOGRAPHY, ETC. NOTE
Bibliography, etc ბიბლიოგრაფია: გვ. 584-591.
546 ## - LANGUAGE NOTE
Language note თავფურცლის მე-3 გვერდი ინგლისურ ენაზე
ტექსტი ქართულ და ინგლისურ ენებზე.
653 ## - INDEX TERM--UNCONTROLLED
Uncontrolled term ხარიტონ ახვლედიანის სახელობის აჭარის მუზეუმში დაცული მონეტების კატალოგი
653 ## - INDEX TERM--UNCONTROLLED
Uncontrolled term მონეტები
653 ## - INDEX TERM--UNCONTROLLED
Uncontrolled term მედლები
653 ## - INDEX TERM--UNCONTROLLED
Uncontrolled term მედალიონები
700 ## - ADDED ENTRY--PERSONAL NAME
Personal name ძნელაძე, ნინო
9 (RLIN) 13551
700 ## - ADDED ENTRY--PERSONAL NAME
Personal name კახიძე, ამირან
Relator term რედაქტორი
9 (RLIN) 13552
700 ## - ADDED ENTRY--PERSONAL NAME
Personal name ხაჟალია, ირინე
Relator term მთარგმნელი
9 (RLIN) 13553
700 ## - ADDED ENTRY--PERSONAL NAME
Personal name დუმბაძე, გიორგი [და სხვ.]
Relator term ფოტორბი
9 (RLIN) 13554
700 ## - ADDED ENTRY--PERSONAL NAME
Personal name მოსიაშვილი, დათო
Relator term დიზაინერი
9 (RLIN) 7743
710 ## - ADDED ENTRY--CORPORATE NAME
Corporate name or jurisdiction name as entry element ბათუმის შოთა რუსთაველის სახელმწ. უნივერსიტეტი, ნიკო ბერძენიშვილის ინსტიტუტი
9 (RLIN) 13555
773 ## - HOST ITEM ENTRY
Title ნაჩუქარი
942 ## - ADDED ENTRY ELEMENTS (KOHA)
Source of classification or shelving scheme
Koha item type წიგნი
ეგზემპლარები
ჩამოწერის სტატუსი დაკარგული ეგზემპლარის სტატუსი კლასიფიკაციის წყარო ან თაროზე გაწყობის სქემა დაზიანების სტატუსი არ გაიცემა მუდმივი მდებარეობა (დაცვის ადგილი) ამჟამინდელი ადგილსამყოფელი თაროზე განთავსების ადგილი შეძენის თარიღი ღირებულება, შესყიდვის ნორმალური ფასი სრული შენახვის შიფრი შტრიხკოდი ბოლო ოპერაციის თარიღი ეგზემპლარის მიმდევრობითი ნომერი (კეტერი?) ფასის ძალაში შესვლის თარიღი ეგზემპლარის სახეობა საჯარო შენიშვნა
          ბათუმის შოთა რუსთაველის სახელმწიფო უნივერსიტეტის მთავარი ბიბლიოთეკა ბათუმის შოთა რუსთაველის სახელმწიფო უნივერსიტეტის მთავარი ბიბლიოთეკა წიგნსაცავი 2022-02-15 75.00 737(479.223) ვ-21 62165 2022-02-15 62165 2022-02-15 წიგნი 75.00